<?xml version="1.0" encoding="UTF-8"?>
<record
    xmlns:xsi="http://www.w3.org/2001/XMLSchema-instance"
    xsi:schemaLocation="http://www.loc.gov/MARC21/slim http://www.loc.gov/standards/marcxml/schema/MARC21slim.xsd"
    xmlns="http://www.loc.gov/MARC21/slim">

  <leader>01628na  a2200373   4500</leader>
  <controlfield tag="001">22994</controlfield>
  <controlfield tag="003">MIRAKIL</controlfield>
  <controlfield tag="005">20181213155249.0</controlfield>
  <controlfield tag="008">170305b        tu            000 0      </controlfield>
  <datafield tag="040" ind1=" " ind2=" ">
    <subfield code="a">Milas</subfield>
    <subfield code="b">tur</subfield>
    <subfield code="c">TR-AnCHP</subfield>
  </datafield>
  <datafield tag="041" ind1=" " ind2=" ">
    <subfield code="a">tur</subfield>
  </datafield>
  <datafield tag="082" ind1=" " ind2=" ">
    <subfield code="a">SHP 324.9561</subfield>
    <subfield code="b">Y32 1992</subfield>
  </datafield>
  <datafield tag="090" ind1=" " ind2=" ">
    <subfield code="a">SHP 324.9561 S31 1992</subfield>
  </datafield>
  <datafield tag="091" ind1=" " ind2=" ">
    <subfield code="a">AR&#x15E;&#x130;V-SE&#xC7;&#x130;M DE&#x11E;ERLEND&#x130;RMELER&#x130;</subfield>
  </datafield>
  <datafield tag="222" ind1=" " ind2=" ">
    <subfield code="a">Se&#xE7;im sonu&#xE7;lar&#x131;n&#x131;n de&#x11F;erlendirilmesi</subfield>
  </datafield>
  <datafield tag="245" ind1=" " ind2=" ">
    <subfield code="a">7 Haziran 1992'de yap&#x131;lan ara yerel se&#xE7;imlere ili&#x15F;kin genel de&#x11F;erlendirme</subfield>
    <subfield code="b">1 Temmuz 1992</subfield>
    <subfield code="c">[haz&#x131;rlayan] Ekonomik ve Sosyal Dok&#xFC;mantasyon ve Ara&#x15F;t&#x131;rma A&#x15E;</subfield>
  </datafield>
  <datafield tag="246" ind1=" " ind2=" ">
    <subfield code="a">1992 se&#xE7;im sonu&#xE7;lar&#x131;n&#x131;n de&#x11F;erlendirilmesi</subfield>
  </datafield>
  <datafield tag="246" ind1=" " ind2=" ">
    <subfield code="a">1992 ara yerel se&#xE7;imleri de&#x11F;erlendirmesi</subfield>
  </datafield>
  <datafield tag="246" ind1=" " ind2=" ">
    <subfield code="a">1992 se&#xE7;imleri de&#x11F;erlendirmesi</subfield>
  </datafield>
  <datafield tag="260" ind1=" " ind2=" ">
    <subfield code="a">Ankara</subfield>
    <subfield code="b">ESDA A&#x15E;</subfield>
    <subfield code="c">Temmuz 1992</subfield>
  </datafield>
  <datafield tag="300" ind1=" " ind2=" ">
    <subfield code="a">15 s.</subfield>
    <subfield code="b">tbl.</subfield>
    <subfield code="c">30 sm.</subfield>
  </datafield>
  <datafield tag="500" ind1=" " ind2=" ">
    <subfield code="a">Bu &#xE7;al&#x131;&#x15F;ma, ESDA A&#x15E; taraf&#x131;ndan SHP Genel Merkezi'nin iste&#x11F;i &#xFC;zerine yap&#x131;lm&#x131;&#x15F;t&#x131;r</subfield>
  </datafield>
  <datafield tag="610" ind1=" " ind2=" ">
    <subfield code="a">SHP</subfield>
    <subfield code="x">Se&#xE7;im sonu&#xE7;lar&#x131;</subfield>
    <subfield code="y">De&#x11F;erlendirmeler</subfield>
  </datafield>
  <datafield tag="610" ind1=" " ind2=" ">
    <subfield code="a">SHP</subfield>
    <subfield code="x">Yerel se&#xE7;imler, 1992</subfield>
    <subfield code="y">Se&#xE7;im sonu&#xE7;lar&#x131;</subfield>
    <subfield code="y">De&#x11F;erlendirmeler</subfield>
    <subfield code="z">T&#xFC;rkiye</subfield>
  </datafield>
  <datafield tag="650" ind1=" " ind2=" ">
    <subfield code="a">Se&#xE7;imler</subfield>
    <subfield code="x">Se&#xE7;im sonu&#xE7;lar&#x131;</subfield>
    <subfield code="y">De&#x11F;erlendirmeler</subfield>
    <subfield code="z">T&#xFC;rkiye</subfield>
  </datafield>
  <datafield tag="650" ind1=" " ind2=" ">
    <subfield code="a">Yerel se&#xE7;imler, 1992</subfield>
    <subfield code="x">De&#x11F;erlendirmeler</subfield>
    <subfield code="z">T&#xFC;rkiye</subfield>
  </datafield>
  <datafield tag="651" ind1=" " ind2=" ">
    <subfield code="a">T&#xFC;rkiye</subfield>
    <subfield code="x">Yerel se&#xE7;imler, 1992</subfield>
    <subfield code="y">De&#x11F;erlendirmeler</subfield>
    <subfield code="z">T&#xFC;rkiye</subfield>
  </datafield>
  <datafield tag="740" ind1=" " ind2=" ">
    <subfield code="a">1992 se&#xE7;im sonu&#xE7;lar&#x131;n&#x131;n de&#x11F;erlendirilmesi</subfield>
  </datafield>
  <datafield tag="740" ind1=" " ind2=" ">
    <subfield code="a">Se&#xE7;im sonu&#xE7;lar&#x131;n&#x131;n de&#x11F;erlendirilmesi</subfield>
  </datafield>
  <datafield tag="740" ind1=" " ind2=" ">
    <subfield code="a">1992 yerel se&#xE7;imleri de&#x11F;erlendirmesi</subfield>
  </datafield>
  <datafield tag="740" ind1=" " ind2=" ">
    <subfield code="a">1992 se&#xE7;imleri de&#x11F;erlendirmesi</subfield>
  </datafield>
  <datafield tag="942" ind1=" " ind2=" ">
    <subfield code="2">dcc</subfield>
    <subfield code="c">BKS</subfield>
  </datafield>
  <datafield tag="952" ind1=" " ind2=" ">
    <subfield code="a">0001</subfield>
    <subfield code="b">0001</subfield>
    <subfield code="d">2017-03-05</subfield>
    <subfield code="e">2</subfield>
    <subfield code="l">0</subfield>
    <subfield code="o">SHP 324.9561 S31 1992</subfield>
    <subfield code="p">016938</subfield>
    <subfield code="r">2017-03-05 00:00:00</subfield>
    <subfield code="v">0.00</subfield>
    <subfield code="w">2017-03-05</subfield>
    <subfield code="y">BKS</subfield>
  </datafield>
  <datafield tag="999" ind1=" " ind2=" ">
    <subfield code="c">9515</subfield>
    <subfield code="d">9515</subfield>
  </datafield>
</record>
